Subdivision capitals closest to Nisporeni (MD) - Statistics

General Stats
  • This quiz has been taken 9 times
  • The average score is 7 of 20
Answer Stats
Distance (km) Answer % Correct
8 50 Chișinău
100%
5 45 Iași
67%
19 83 Anenii Noi
33%
18 78 Bâlți
33%
1 22 Călărași (MD)
33%
20 89 Cantemir
33%
16 77 Cimișlia
33%
14 75 Cocieri
33%
15 77 Criuleni
33%
17 77 Dubăsari
33%
12 66 Fălești
33%
4 42 Hîncești
33%
6 49 Ialoveni
33%
13 67 Leova
33%
10 60 Orhei
33%
11 63 Sîngerei
33%
3 34 Strășeni
33%
2 33 Ungheni
33%
9 59 Vaslui
33%
7 49 Telenești
0%
No matching quizzes found
Score Distribution
Percent of People with Each Score
Percentile by Number Answered
Your Score History
You have not taken this quiz